Southville International School and Colleges
Your cart is empty.
  • Cart
  • Lists
    Public lists Eva Luna New books Lux_list list_1
    Your lists Log in to create your own lists
  • Log in to your account
  • Your cookies
  • Search history
Southville International School and Colleges
  • Advanced search
  • Recent comments
  • Most popular
  • Libraries

Log in to your account

Log in with GOOGLE


If you do not have an external account, but do have a local account, you can still log in:

  1. Home
  2. MARC view: Quick as a cricket /
Normal view MARC view ISBD view

Quick as a cricket / (Record no. 104326)

[ view plain ]
MARC details
000 -LEADER
fixed length control field 00415nam a2200157 a 4500
005 - DATE AND TIME OF LATEST TRANSACTION
control field 20140412111319.0
008 - FIXED-LENGTH DATA ELEMENTS--GENERAL INFORMATION
fixed length control field 000823s19uu xx 00 eng d
020 ## - INTERNATIONAL STANDARD BOOK NUMBER
International Standard Book Number 0-590-46900-2
050 ## - LIBRARY OF CONGRESS CALL NUMBER
Classification number TR(PS E
Item number Qu4 1994
100 ## - MAIN ENTRY--PERSONAL NAME
Personal name Wood, Audrey
245 ## - TITLE STATEMENT
Title Quick as a cricket /
Statement of responsibility, etc Audrey Wood.
260 ## - PUBLICATION, DISTRIBUTION, ETC. (IMPRINT)
Place of publication, distribution, etc U.S.A :
Name of publisher, distributor, etc Scholastic,
Date of publication, distribution, etc 1994.
300 ## - PHYSICAL DESCRIPTION
Extent 1 v. (unp.) ; ill.
520 ## - SUMMARY, ETC.
Summary, etc Self awareness
Holdings
Withdrawn status Lost status Damaged status Home library Current library Shelving location Date acquired Source of acquisition Total Checkouts Full call number Barcode Date last seen Price effective from Koha item type
      Elizalde Library Elizalde Library Teachers Reference Section 08/23/2000     TR(PS E Qu4 1994 E7361 04/12/2014 04/12/2014 Books

Quick as a cricket /

APA

Wood A., . (1994). Quick as a cricket. U.S.A: Scholastic.

Chicago

Wood Audrey, . 1994. Quick as a cricket. U.S.A: Scholastic.

Harvard

Wood A., . (1994). Quick as a cricket. U.S.A: Scholastic.

MLA

Wood Audrey, . Quick as a cricket. U.S.A: Scholastic. 1994.

  • Place hold
  • Print
  • Cite
  • Add to your cart (remove)
  • Save record
    BIBTEX Dublin Core MARCXML MARC (non-Unicode/MARC-8) MARC (Unicode/UTF-8) MARC (Unicode/UTF-8, Standard) MODS (XML) RIS
  • More searches
    Search for this title in:
    Other Libraries (WorldCat) Other Databases (Google Scholar) Online Stores (Bookfinder.com) Open Library (openlibrary.org)

Exporting to Dublin Core...

SOUTHVILLE LIBRARY

Southville International School and Colleges Library

1281 Tropical Ave. Cor. Luxembourg St., BF Homes International, Las Pinas City

Tel. No. 8256374 / 252358 Loc. 117/146

Powered by Koha